Prentice Hall Custom Business Resources (Record no. 80352)
[ view plain ]
| 000 -LEADER | |
|---|---|
| fixed length control field | 00351nam a2200145Ia 4500 |
| 003 - CONTROL NUMBER IDENTIFIER | |
| control field | OSt |
| 005 - DATE AND TIME OF LATEST TRANSACTION | |
| control field | 20260120113537.0 |
| 020 ## - INTERNATIONAL STANDARD BOOK NUMBER | |
| International Standard Book Number | 978-0-558-11934-8 |
| 040 ## - CATALOGING SOURCE | |
| Transcribing agency | Library of Congress |
| 050 ## - LIBRARY OF CONGRESS CALL NUMBER | |
| Classification number | HF 5415.13 .P74 2008 |
| 100 ## - MAIN ENTRY--PERSONAL NAME | |
| Personal name | Pearson Custom Publishing |
| 245 #0 - TITLE STATEMENT | |
| Title | Prentice Hall Custom Business Resources |
| 300 ## - PHYSICAL DESCRIPTION | |
| Extent | 439P. |
| 942 ## - ADDED ENTRY ELEMENTS (KOHA) | |
| Koha item type | Long Loan Book |
| Source of classification or shelving scheme | Library of Congress Classification |
| Withdrawn status | Lost status | Source of classification or shelving scheme | Damaged status | Not for loan | Collection | Home library | Current library | Shelving location | Date acquired | Inventory number | Total checkouts | Full call number | Barcode | Date last seen | Copy number | Price effective from | Koha item type |
|---|---|---|---|---|---|---|---|---|---|---|---|---|---|---|---|---|---|
| Library of Congress Classification | Business & Economics | Kisii University Library | Kisii University Library | On Display | 09/15/2023 | 36575 | HF 5415.13 .P74 2008 | 50035 | 09/15/2023 | 1 | 09/15/2023 | Long Loan Book |